| 000 | 00533nam a22001817a 4500 | ||
|---|---|---|---|
| 999 |
_c10053 _d10053 |
||
| 003 | AR-CdUCM | ||
| 008 | 190329b ||||| |||| 00| 0 spa d | ||
| 040 |
_aMUNICIPALIDAD PROVINCIAL DEL CUSCO _cBIBLIOTECA MUNICIPAL DEL CUSCO |
||
| 082 |
_aEP / 800 / _bP73 |
||
| 100 |
_aPoe, Edgar _926681 |
||
| 245 | _aNarraciones extraordinarias / | ||
| 260 |
_aBuenos Aires , _bAtlanta, _c1961. |
||
| 300 |
_a116 páginas ; _c17 cm. |
||
| 440 |
_aBiblioteca Billiken _9765 |
||
| 650 |
_aLiteratura. _983 |
||
| 942 |
_2ddc _cLIBROS |
||
| 945 | _awfj | ||